000 00747nam a2200289Ia 4500
005 20260324140658.0
008 008 260324s9999 xx 000 0 eng d
020 _a9781315046358
037 _aEBOOK
040 _aCRL
040 _beng
040 _cCRL
041 _2eng
041 _aeng
084 _qCRL
100 _aPhilip Hallinger; Kenneth Leithwood
_91205315
245 0 _aLeading Schools in a Global Era
245 2 _bA Cultural Perspective: A Special Issue of the Peabody Journal of Education
260 _bTaylor and Francis
260 _c1998
365 _a
365 _b300
856 _uhttp://www.taylorfrancis.com/books/9781315046358
942 _cEBOOK
999 _c1807634
_d1807634